00748 a2200205 4500008003900000020001800039040007300057041000800130060001100138100001700149245005500166260003000221300006200251504006400313650002400377650004000401700001600441710004300457765004200500130718s2011 sp ad fr 001 0 spa a9788445821411 aCO-BoUCMbspacAngélica ChartanodAldemar Mondragón (modificó)00aspa aWA 5251 aGofin, Jaime10aSalud comunitaria Global.cJaime Gofin, Rosa Gofin c2011bElsevieraBarcelona axxiii, 270 páginasbilustraciones, cuadros y gráficas aIncluye referencias bibliográficas e índices y glosario 7aAtención médica 7aSevicios de salud para la comunidad1 aGofin, Rosa2 aGea consultoría editorialetraductor tEssentials of global community health